El proceso de enseñanza-aprendizaje de la psicología en la Universidad de Costa Rica, un curriculum de cara a la realidad /

Збережено в:
Бібліографічні деталі
Автор: Cordero Cordero, Teresita
Формат: Текст
Мова:Spanish
Опубліковано: San José : Editorial UCR
Теги: Додати тег
Немає тегів, Будьте першим, хто поставить тег для цього запису!

MARC

LEADER 00000 a a2200000 04500
001 35844
003 cru CIDCACS/IIS
005 20170519155545.0
008 170512b xxu||||| |||| 00| 0 spa d
020 |a 978-9968-46-034-7  
022 |a 978-9968-46-034-7  
040 |c CIDCACS/IIS 
090 |a PS05.01.01 D633p  
100 1 |a Cordero Cordero, Teresita   |9 4852 
245 |a El proceso de enseñanza-aprendizaje de la psicología en la Universidad de Costa Rica, un curriculum de cara a la realidad /   |c Solé, María Elena  
260 |a San José :   |b Editorial UCR  
300 |a Páginas 376-382 
773 0 |0 166  |9 816  |a Dobles Oropeza, Ignacio   |d San José: Editorial UCR   |o 03436  |t Psicología de la liberación en le contexto de la globalización neoliberal:  |w (cru CIDCACS/IIS)35869  |x 978-9968-46-034-7   |z 978-9968-46-034-7  
942 |2 ddc  |c LI 
999 |c 19364  |d 19364